| 000 | 01040nam a2200229Ia 4500 | ||
|---|---|---|---|
| 001 | L235-10550 | ||
| 003 | IT-CnALBA | ||
| 008 | 170116s9999||||xx |||||||||||||| ||und|| | ||
| 040 |
_aIT-CnALBA _cIT-CnALBA |
||
| 041 | _aITALIANO | ||
| 100 | _aCAPOZZI M. D. | ||
| 245 | 0 | _aIL FACCHINO DELLE ANIME. MONS. LUIGI TALAMONE. | |
| 250 | _a1a ed. | ||
| 260 |
_aMILANO _bMISERICORDINE CONGR. SUORE _c1966 [1° Ed.:1966 - Ed.Ling.Originale: 1966] |
||
| 300 | _a107 p. (prefazione: 5) | ||
| 500 | _aMONS. LUIGI TALAMONE. INFANZIA. SACERDOTE. FISIONOMIA MORALE. FAMIGLIA. ROSMINIANO. MAESTRO. PREDICATORE. FIORETTI. DON LUIGI TALAMONE E LE SUORE. CONFESSORE. | ||
| 501 | _aSocietà San Paolo EM - Piazza San Paolo, 14 - 12051 ALBA (CN) (non commercial uses only) ® Copyright 2017 | ||
| 520 | _aMONS. LUIGI TALAMONE. INFANZIA. SACERDOTE. FISIONOMIA MORALE. FAMIGLIA. ROSMINIANO. MAESTRO. PREDICATORE. FIORETTI. DON LUIGI TALAMONE E LE SUORE. CONFESSORE. | ||
| 650 | _aMARIA SS. ANGELI SANTI DEMONI | ||
| 942 | _cBK | ||
| 957 | _71 | ||
| 999 |
_a15303 _bNO _g Copie: 1 _c269728 _d269728 |
||